Posibilidades y barreras para el desarrollo de Africa subsahariana: cuestiones sociales, jurídicas y políticas
Kaydedildi:
| Asıl Yazarlar: | , |
|---|---|
| Materyal Türü: | Kitap |
| Dil: | İspanyolca |
| Baskı/Yayın Bilgisi: |
Pamplona
Aranzadi S. A
2015
|
| Edisyon: | 1a. ed |
| Konular: | |
| Etiketler: |
Etiketle
Etiket eklenmemiş, İlk siz ekleyin!
|
MARC
| LEADER | 00000cam a2200000 a 4500 | ||
|---|---|---|---|
| 001 | UCC6789 | ||
| 003 | CL-VaPUC | ||
| 008 | 190111e20150000sp |||||||||||||||||spa|d | ||
| 020 | |a 9788490985922 | ||
| 082 | 0 | 4 | |a 327.0946 |b SOT |2 21 |
| 100 | 0 | |a Sotés Elizalde, María Angeles |e author |9 601294 | |
| 700 | 0 | |a Velarde Queipo de Llano, Caridad |e author |9 601295 | |
| 245 | 1 | 0 | |a Posibilidades y barreras para el desarrollo de Africa subsahariana: cuestiones sociales, jurídicas y políticas |
| 250 | |a 1a. ed | ||
| 300 | |a 226 p | ||
| 942 | |c BK | ||
| 945 | |d 20190111 14:04:00 |a dcastane | ||
| 260 | |a Pamplona |b Aranzadi S. A |c 2015 | ||
| 650 | 7 | |a RELACIONES INTERNACIONALES SIGLO 20 |2 CL-VaPUC |9 550930 | |
| 650 | 0 | |a Tratados internacionales |9 256056 | |
| 650 | 0 | |a Desarrollo económico y social |9 256320 | |
| 651 | 0 | |a España |9 254926 | |
| 651 | 0 | |a África |9 256790 | |
| 583 | |a last modification |c 20190111 14:04:00 |k Rodrigo Vera | ||
| 999 | |c 373644 |d 373642 | ||
| 952 | |0 0 |1 0 |3 erb |4 0 |6 327_094600000000000_SOT_2015 |7 0 |8 A |9 491838 |a BIBDER |b BIBDER |i 5528054 |o 327.0946 SOT 2015 |p 5528054 |r 2023-01-25 |w 2019-11-24 |y BK |z Catalogado en:20190111 |k DER | ||